00337nam a2200109Ia 4500008004100000082002000041100002200061245004100083260003700124630001800161650004800179211109s9999||||xx |||||||||||||| ||und|| a822.3309bCOL-N aCollege Careers,  0aNotes on Shakespeares Twelefth Night bB I PublicationaNew Delhic2006 xGeneral Stack aEnglish literaturesvEnglish dramaGeneralia